Catàleg : teatrins en miniatura de Jaume Respall / a cura de: Irene Peypoch i Francesc Castells teatrins en miniatura de Jaume Respall / a cura de:
Descripción Física:
[33] p. . il. ; 32 cm
MARC
| LEADER | 00000nam a2200000Ia 4500 | ||
|---|---|---|---|
| 001 | 8818 | ||
| 003 | BGR | ||
| 005 | 20260324175421.0 | ||
| 008 | 160829s9999 xx 000 0 cat d | ||
| 080 | |a FU-24-9 | ||
| 100 | |a Respall, Jaume |9 32748 | ||
| 245 | |a Catàleg : |b teatrins en miniatura de Jaume Respall / a cura de: |b Irene Peypoch i Francesc Castells | ||
| 260 | |a Barcelona : |b Banca Mas Sardà : |b Institut del Teatre; 1978 | ||
| 300 | |a [33] p. . il. ; |c 32 cm | ||
| 650 | |a Respall, Jaume |x Exposicions |9 32749 | ||
| 650 | |a Teatres |x Escenografia i decoracions |x Exposicions |9 32750 | ||
| 700 | |a Peypoch, Irene, ed. |9 32751 | ||
| 700 | |a Castells, Francesc, ed. |9 32752 | ||
| 710 | 1 | |a Institut del Teatre (Barcelona, Catalunya) |9 52662 | |
| 710 | 2 | |a Banca Mas Sardà |9 70566 | |
| 901 | |a Arxiu | ||
| 942 | |n 1 |2 udc |c MON | ||
| 952 | |0 0 |1 0 |4 0 |6 FU249 |7 1 |9 46088 |a Arxiu |b Arxiu |d 2016-12-01 |l 0 |o FU-24-9 |p 8818 |r 2016-12-01 00:00:00 |w 2016-12-01 |y ARXIU | ||
| 999 | |c 49590 |d 49590 | ||